Marketing management : Knowledge and skills

Marketing Management, 8/e, by Peter and Donnelly, serves as an overview for critical issues in marketing management. The text strives to enhance knowledge of marketing management and advance student skills so they can develop and maintain successful marketing strategies. The text does this through c...

全面介紹

Đã lưu trong:
書目詳細資料
主要作者: Peter, J. Paul
格式: 圖書
語言:Undetermined
出版: Boston McGraw-Hill/Irwin 2007
主題:
標簽: 添加標簽
沒有標簽, 成為第一個標記此記錄!
Thư viện lưu trữ: Trung tâm Học liệu Trường Đại học Cần Thơ
LEADER 01289nam a2200229Ia 4500
001 CTU_151074
008 210402s9999 xx 000 0 und d
020 |c 33.99 
082 |a 658.8 
082 |b P482 
100 |a Peter, J. Paul 
245 0 |a Marketing management : 
245 0 |b Knowledge and skills 
245 0 |c J. Paul Peter, James H. Donnelly 
260 |a Boston 
260 |b McGraw-Hill/Irwin 
260 |c 2007 
520 |a Marketing Management, 8/e, by Peter and Donnelly, serves as an overview for critical issues in marketing management. The text strives to enhance knowledge of marketing management and advance student skills so they can develop and maintain successful marketing strategies. The text does this through comprehensive text chapters that analyze the marketing process and gives students the foundation needed for success in marketing management, and through 40 cases (12 of them new, many others updated) that go beyond traditional marketing principles and focus on the role of marketing in cross-functional business and organization strategies. 
650 |a Marketing,Marketing,Tiếp thị,Tiếp thị 
650 |x Management,Management,Quản lý 
904 |i Trọng Hiếu 
980 |a Trung tâm Học liệu Trường Đại học Cần Thơ